Der Wiener Briefträger in bester Laune Fliegendes Postbüchel mit aufwärtstelegraphirten Wünschen, ...

Bibliographic Details
Other Authors: Stöckholzer von Hirschfeld, Josef (Printer)
Format: Serial
Language:German
PhysicalDescription:19 cm
Subjects:

MARC

LEADER 00000nas a2200000 4500
001 vtls012285409
003 SK-MaSNL
005 20260228160044.0
008 251015d18531853au ar 000 b0ger
015 |a SNBHFB 
040 |a SNKHF  |b slo  |c SNKHF  |e rda 
041 0 |a ger 
044 |a au  |c AT 
072 7 |a 821.112.2.09  |x Nemecká literatúra, nemecky písaná (o nej)  |2 konspekt 
080 |a (051)-048.55  |2 2011 
080 |a 821.112.2(436)  |2 2011 
245 0 0 |a Der Wiener Briefträger in bester Laune  |b Fliegendes Postbüchel mit aufwärtstelegraphirten Wünschen, ... 
264 3 |a Wien  |b Gedruckt bei Josef Stöckholzer von Hirschfeld  |c 1853 
300 |c 19 cm 
310 |a 1x ročne 
336 |a text  |b txt  |2 rdacontent 
337 |a bez média  |b n  |2 rdamedia 
338 |a zväzok  |b nc  |2 rdacarrierr 
500 |a Súčasťou názvu je označenie roku 
546 |a Nemčina  |b Fraktúra 
561 |a Proveniencia: pečiatka Dr. E. Kadarász - ver. not. poz. Margity Zayovej Čís. 13721.  |5 SNK ČD 2626/1853 
588 |a Popis podľa: Rok 1853 
650 0 7 |a rakúska literatúra  |2 SNKPH  |9 1416 
655 7 |a špecializované časopisy  |2 SNKPH  |9 70509 
700 1 |a Stöckholzer von Hirschfeld, Josef  |4 prt  |9 265865 
752 |a Rakúsko  |d Viedeň 
852 |a snk  |b Zaiova knižnica: Zay 12637  |p ČD 2626/1853 
958 |a DF 
999 |c 1264  |d 3194 
952 |0 0  |1 0  |4 0  |7 0  |8 5  |a SNK  |b SNK  |c SNK_HF  |d 2025-10-15  |i snk2025/16479  |l 0  |o snkČD 2626/1853  |p 17A1568969  |r 2026-02-21 22:34:15  |t Zay 12637  |w 2026-02-21  |y PREZ